| 000 | 01602ngm a22003850a 4500 | ||
|---|---|---|---|
| 001 | PT58526 | ||
| 003 | AR-LpoUNG | ||
| 005 | 20210202000136.0 | ||
| 007 | vd cvaizq | ||
| 008 | 191001s2007||||ag |||||||||||||||||spa d | ||
| 040 |
_aAR-LpoUNG _bspa _cAR-LpoUNG _eaacr |
||
| 041 | _aspa | ||
| 044 | _aag | ||
| 082 | 0 | _a302.12 617che | |
| 100 | 1 |
_aBirri, Fernando _edir. |
|
| 245 | 1 | 0 |
_aChe: _b¿muerte de la utopía? |
| 260 |
_aBuenos Aires : _bCine Ojo, _c2007. |
||
| 300 | _aDVD (90 min.) : son., col. | ||
| 505 | 0 | _aHecha en 1996. Alemania-Argentina. Guión: Fernando Birri, Gabriel García Márquez. Producción: Marcelo Céspedes. Fotografía: Libio Pansavalle. Música: Gianni Nocenzi. Sonido: Pierre Pfundt. | |
| 520 | _aFilm-collage sobre las utopías de fin de siglo, mediante el recurso de utilizar la figura y símbolo del mítico líder Ernesto "Che" Guevara como motor de la pregunta por las utopías de hoy. Con motivo del 30 aniversario de la muerte del Che Guevara, Birri viajó, cámara en mano, por varios países tras las huellas de este legendario personaje. Esta fecha es propicia para reflexionar sobre el mito y el hombre. Pero, sobre todo, es un pretexto para preguntarse sobre la vigencia y el significado de la utopía. | ||
| 650 | 4 | _aALEMANIA | |
| 650 | 4 | _aARGENTINA | |
| 650 | 4 | _aCULTURA | |
| 650 | 4 | _aHISTORIA | |
| 650 | 4 | _aPROBLEMAS SOCIALES | |
| 651 | 4 | _aArgentina | |
| 653 | _aCHE | ||
| 653 | _aCINE ARGENTINO | ||
| 653 | _aDOCUMENTALES | ||
| 653 | _aDVD | ||
| 653 | _aGUEVARA, ERNESTO | ||
| 653 | _aVIDEOS | ||
| 905 | _a58526 | ||
| 942 | _cDVD | ||
| 999 |
_c54175 _d54175 |
||